000 00624 a2200193 4500
005 20240516113620.0
010 _aB-759067
020 _a8125029095
_c695.00
035 _aB-759067
037 _bGift/Unesco
082 _a306.43
245 _aSchool, Society, Nation Popular Essay in Education /
_cRajni Kumar,Anil Sethi and Shalini Sikka
260 _aNew Delhi
_bOrient Longman Private Limited
_c2006
270 _a1/24 Asaf Ali Road
_bNew Delhi
_e110002
300 _a300p.
_c23cm (Hb)
700 _966089
942 _adpl
_cEN
_2ddc
_h306.43
_mSCH
999 _c202891
_d202891